Normal view
MARC view
- Modern Communications Jamming Principles and Techniques
Entry Topical Term
001 - CONTROL NUMBER
- control field: 124844
003 - CONTROL NUMBER IDENTIFIER
- control field: NUST
005 - DATE AND TIME OF LATEST TRANSACTION
- control field: 20240729142405.0
008 - FIXED-LENGTH DATA ELEMENTS
- fixed length control field: 240729|| aca||aabn | a|a d
040 ## - CATALOGING SOURCE
- Original cataloging agency: NUST
- Transcribing agency: NUST
150 ## - HEADING--TOPICAL TERM
- Topical term or geographic name entry element: Modern Communications Jamming Principles and Techniques
670 ## - SOURCE DATA FOUND
- Source citation: Work cat.: (NUST): Richard A. Poisel 124843, Modern Communications Jamming Principles and Techniques, 2004.
